000 00393nam a2200145Ia 4500
008 231217s9999 xx 000 0 und d
041 _aEnglish
082 _a001.6424BOR PET;2
100 _aPeterson, Mark
245 0 _aBorland C++ developer's bible: Includes Borland C++ 4.0
260 _c1996
_bGalgotia
300 _axxvi+955+8
650 _aBorland C++ Borland C++ 4.0
942 _cAA
999 _c164821
_d164821